Lataa...

Prasad vangmay, Part5 (h)

Bibliografiset tiedot
Päätekijä: Jayashankar Prasad
Aineistotyyppi: Printed Book
Julkaistu: Varanasi Prasad Prakashan
Aiheet:
LEADER 00461nam a2200157 4500
082 |a 8H0.8 JAY-P.5 
100 |a Jayashankar Prasad 
245 |a Prasad vangmay, Part5 (h) 
250
260 |a Varanasi  |b Prasad Prakashan 
300
490
650 |a Hindi literature collections 
942 |c BK 
999 |c 231658  |d 231658 
952 |0 0  |1 0  |4 0  |6 8H0_8_000000000000000_JAYP_5  |7 0  |9 245791  |a SDE  |b SDE  |d 2019-12-12  |l 0  |o 8H0.8 JAY-P.5  |p SDE11073  |r 2019-12-12  |w 2019-12-12  |y BK